LEADER 00959naa a2200217 u 4500 001 000000099132 003 CaOOAMICUS 005 20070226130157.0 008 050927s1981 it u000 u ita u 035 $a11060328 040 $aIAR$bita 100 1 $aRitter, Adolf Martin.$0(OLS)http://pul/name/5043 245 13$aIl secondo Concilio ecomenico e la sua ricenzione :$bStato della ricerca /$cAdolf Martin Ritter. 260 $aBologna :$bEd. Dehoniane,$c1981. 300 $aS. 341-365 ;$c22 cm 611 24$aConcilium Constantinopolitanum$n(1 :$d381).$0(OLS)http://pul/subject/8663 730 0 $aCristianesimo nella storia$g[Spogli].$0(OLS)http://pul/title/7312 773 0 $aCristianesimo nella storia ;.$tvol. II/2 (1981) 773 0 $tCristianesimo nella storia$w()5012 996 $6245$aIl secondo Concilio ecomenico e la sua ricenzione :$bStato della ricerca$9(OLS)http://pul/title/126010 996 $6260$aBologna :$bEd. Dehoniane$9(OLS)http://pul/publisher/48282 LEADER 01278nam a2200325 a 4500 001 000000158478 003 CaOOAMICUS 005 20170201113851.0 008 170201s2016 it u000 u ita r 020 $a978-88-6739-071-7* 032 $aLibriCat 040 $aPUL$bita 082 04$a231 100 1 $aQuintili, Marziano.$0(OLS)http://pul/name/79076 245 10$aGenesi della Trinità :$bbreve saggio sull'ontologia divina /$cMarziano Quintili. 250 $aRistampa aggiornata con supplementi al giugno 2016. 260 $aRoma :$bCnt edizioni,$c2016. 300 $a223 p. ;$c23 cm. 504 $aBibliografia in nota. 650 4$aTrinità.$0(OLS)http://pul/subject/2463 850 $aPUL 852 $aPUL$W1$xDP2 Religione 3$y114$m231 RUIMA 1.2$j181799$qDDC 21$B184958$CPULBib$Z2$F184958 $H128897 $81 941 1 $a9 960 $aTeologia trinitaria$92463 960 $aTeologia trinitaria$92463 996 $6020$a978-88-6739-071-7*$9(OLS)http://pul/number/162008 996 $6082$a231$9(OLS)http://pul/classification/408 996 $6245$aGenesi della Trinità :$bbreve saggio sull'ontologia divina$9(OLS)http://pul/title/157708 996 $6260$aRoma :$bCnt edizioni$9(OLS)http://pul/publisher/67162